A personal narrative of the siege of Lucknow : (Record no. 64226)
[ view plain ]
| 000 -LEADER | |
|---|---|
| fixed length control field | 00751nam a2200217 a 4500 |
| 001 - CONTROL NUMBER | |
| control field | 64226 |
| 003 - CONTROL NUMBER IDENTIFIER | |
| rucl marc code | BD-RjUL |
| 005 - DATE AND TIME OF LATEST TRANSACTION | |
| control field | 20240926111046.0 |
| 008 - FIXED-LENGTH DATA ELEMENTS--GENERAL INFORMATION | |
| fixed length control field | 171202s1858 enkce 000 0 eng |
| 035 ## - SYSTEM CONTROL NUMBER | |
| System control number | (BD-RjUL)64226 |
| 040 ## - CATALOGING SOURCE | |
| Original cataloging agency | DLC |
| Transcribing agency | OCl |
| Modifying agency | BD-RjUL |
| Language of cataloging | eng |
| 041 ## - LANGUAGE CODE | |
| Language code of text/sound track or separate title | eng |
| 082 ## - DEWEY DECIMAL CLASSIFICATION NUMBER | |
| Edition number | 23 |
| Classification number | 954.0317 |
| Author mark and year | REP 1858 |
| 100 1# - MAIN ENTRY--PERSONAL NAME | |
| Personal name | Rees, L. E. Ruutz. |
| 9 (RLIN) | 190737 |
| 245 02 - TITLE STATEMENT | |
| Title | A personal narrative of the siege of Lucknow : |
| Remainder of title | from its commencement to its relief by Sir Colin Campbell / |
| Statement of responsibility, etc. | By L. E. Ruutz Rees |
| 260 ## - PUBLICATION, DISTRIBUTION, ETC. (IMPRINT) | |
| Place of publication, distribution, etc. | London : |
| Name of publisher, distributor, etc. | Longman, Brown, Green, Longmans, & Roberts, |
| Date of publication, distribution, etc. | 1858. |
| 300 ## - PHYSICAL DESCRIPTION | |
| Pagination | xx, 380 p. : |
| Illustrations | ill. ; |
| Size | 20 cm. |
| 651 #0 - SUBJECT ADDED ENTRY--GEOGRAPHIC NAME | |
| Geographic name | Lucknow (India) |
| General subdivision | History |
| Chronological subdivision | Siege, 1857 |
| Form subdivision | Personal narratives. |
| 9 (RLIN) | 190738 |
| 942 ## - ADDED ENTRY ELEMENTS (KOHA) | |
| Source of classification or shelving scheme | Dewey Decimal Classification |
| Koha item type | Books |
| Lost status | Source of classification or shelving scheme | Damaged status | Not for loan | Collection code | Permanent Location | Current Location | Shelving location | Date acquired | Source of acquisition | Cost, normal purchase price | Total Checkouts | Full call number | Date last seen | Copy number | Koha item type |
|---|---|---|---|---|---|---|---|---|---|---|---|---|---|---|---|
| Dewey Decimal Classification | Not For Loan | Non-fiction | Central Library, University of Rajshahi | Central Library, University of Rajshahi | Reading Room | 18/02/1963 | Zeitlinger | 1.10 | 954.0317 REP 1858 | 12/02/2017 | C-1 | Books |